[Event "Warsaw Entropia-ch"]
[Site "Warsaw"]
[Date "1996.??.??"]
[Round "?"]
[White "Grzelak, Rafal"]
[Black "Kowalska, Elzbieta"]
[Result "1-0"]
[WhiteElo "2205"]
[BlackElo "2095"]
[PlyCount "89"]
[EventDate "1996.??.??"]
[EventType "tourn"]
[EventRounds "9"]
[EventCountry "POL"]
[SourceTitle "EXT 2001"]
[Source "ChessBase"]
[SourceDate "2000.11.22"]
[SourceVersion "1"]
[SourceVersionDate "2000.11.22"]
[SourceQuality "1"]

1. Nf3 Nf6 2. g3 d5 3. Bg2 Nc6 4. 0-0 e5 5. d3 Be7 6. c4 0-0 7. Nbd2 Kh8 8. a3 dxc4 9. Nxc4 Nd7 10. b4 Bf6 11. Bb2 a6 12. d4 exd4 13. Nxd4 Nce5 14. Nxe5 Bxe5 15. f4 Bf6 16. e4 c5 17. bxc5 Nxc5 18. e5 Be7 19. Kh1 f6 20. Re1 fxe5 21. Rxe5 Rb8 22. Qc2 Qd6 23. Rae1 Rf7 24. Qc4 Qf6 25. Qxf7 Qxf7 26. Rxe7 Qg8 27. Re8 Nd3 28. Rxg8+ Kxg8 29. Re2 Bg4 30. Nf3 b5 31. h3 Bh5 32. Rd2 Nxb2 33. Rxb2 Rd8 34. Ne5 Bd1 35. Kg1 g6 36. Kf2 Kg7 37. Ke3 Rc8 38. Rd2 Bb3 39. Bb7 Rc3+ 40. Rd3 Rxd3+ 41. Kxd3 a5 42. Nc6 Bc4+ 43. Kd4 a4 44. Kc5 Bf1 45. Bc8 1-0

[Event "Warsaw Entropia-ch"]
[Site "Warsaw"]
[Date "1996.??.??"]
[Round "?"]
[White "Grzelak, Rafal"]
[Black "Przedmojski, Rafal"]
[Result "0-1"]
[WhiteElo "2205"]
[BlackElo "2320"]
[PlyCount "42"]
[EventDate "1996.??.??"]
[EventType "tourn"]
[EventRounds "9"]
[EventCountry "POL"]
[SourceTitle "EXT 2001"]
[Source "ChessBase"]
[SourceDate "2000.11.22"]
[SourceVersion "1"]
[SourceVersionDate "2000.11.22"]
[SourceQuality "1"]

1. Nf3 f5 2. e4 fxe4 3. Ng5 d5 4. d3 Qd6 5. dxe4 h6 6. Qh5+ g6 7. Qh4 Bg7 8. Nf3 Bf6 9. e5 Bxe5 10. Nxe5 Qxe5+ 11. Be2 Nc6 12. Nc3 d4 13. Bf4 Qa5 14. Bd2 Bf5 15. 0-0 0-0-0 16. Rfc1 g5 17. Qg3 Nf6 18. Nb5 Qb6 19. a4 Ne4 20. Qd3 Ne5 21. a5 Qc5 0-1

[Event "Warsaw Entropia-ch"]
[Site "Warsaw"]
[Date "1996.??.??"]
[Round "?"]
[White "Olejarczyk, Bogdan"]
[Black "Grzelak, Rafal"]
[Result "0-1"]
[WhiteElo "2135"]
[BlackElo "2205"]
[PlyCount "80"]
[EventDate "1996.??.??"]
[EventType "tourn"]
[EventRounds "9"]
[EventCountry "POL"]
[SourceTitle "EXT 2001"]
[Source "ChessBase"]
[SourceDate "2000.11.22"]
[SourceVersion "1"]
[SourceVersionDate "2000.11.22"]
[SourceQuality "1"]

1. e4 e5 2. Nf3 Nc6 3. d4 exd4 4. Nxd4 Qh4 5. Nc3 Bb4 6. Be2 Nf6 7. 0-0 Nxe4 8. Nf5 Nxc3 9. bxc3 Qf6 10. cxb4 Qxa1 11. b5 Nd8 12. Ba3 Qf6 13. Bg4 d6 14. Re1+ Ne6 15. Qc1 0-0 16. Bb2 Qg5 17. Qxg5 Nxg5 18. Ne7+ Kh8 19. Bxc8 Raxc8 20. Nxc8 Rxc8 21. f4 Ne6 22. f5 Nc5 23. Bd4 Kg8 24. Re3 a5 25. Kf2 Kf8 26. Kf3 f6 27. c4 Nd7 28. Rc3 b6 29. a4 Re8 30. Be3 Kf7 31. h3 Ne5+ 32. Kf2 g6 33. fxg6+ hxg6 34. Bd4 Rh8 35. Be3 Rh4 36. Ke2 Rxc4 37. Rxc4 Nxc4 38. Bd4 Ke6 39. Kd3 Ne5+ 40. Ke3 Nd7 0-1